Fundamentos de dirección hotelera vol-2: comercialización , revenue managemet, calidad y finanzas (Registro nro. 13129)
[ vista simple ]
| 000 -CABECERA | |
|---|---|
| campo de control de longitud fija | 01207nam a22003737a 4500 |
| 005 - FECHA Y HORA DE ACTUALIZACIÓN | |
| campo de control | 20210824154119.0 |
| 008 - LONGITUD FIJA | |
| campo de control de longitud fija | 210817b xxu||||| |||| 00| 0 spa d |
| 020 ## - INTERNATIONAL STANDARD BOOK NUMBER | |
| Número Internacional Estándar del Libro | 9788490773932 |
| 041 ## - IDIOMA | |
| Código de idioma del texto/pista de sonido o título separado | |
| 082 ## - CLASIFICACIÓN DECIMAL DEWEY | |
| Número de clasificación | 1.2.1 G643F |
| 100 ## - AUTOR PERSONAL | |
| Nombre de persona | González Serrano, Lydia |
| 100 ## - AUTOR PERSONAL | |
| Nombre de persona | Talón Ballestero, Pilar |
| 100 ## - AUTOR PERSONAL | |
| Nombre de persona | Rodríguez Atón, José Miguel |
| 245 ## - TÍTULO PROPIAMENTE DICHO | |
| Título | Fundamentos de dirección hotelera vol-2: comercialización , revenue managemet, calidad y finanzas |
| 260 ## - PIE DE IMPRENTA | |
| Lugar de publicación, distribución, etc. | España |
| 260 ## - PIE DE IMPRENTA | |
| Nombre del editor, distribuidor, etc. | Síntesis |
| 260 ## - PIE DE IMPRENTA | |
| Fecha de publicación, distribución, etc. | 2016 |
| 300 ## - DESCRIPCIÓN FÍSICA | |
| Extensión | 308 páginas |
| 650 ## - Materia General | |
| Materia general | ADMINISTRACIÓN HOTELERA |
| 650 ## - Materia General | |
| Materia general | DIRECCIÓN HOTELERA |
| 650 ## - Materia General | |
| Materia general | COMERCIALIZACIÓN HOTELERA |
| 650 ## - Materia General | |
| Materia general | DISTRIBUCIÓN HOTELERA |
| 650 ## - Materia General | |
| Materia general | COMUNICACIÓN |
| 650 ## - Materia General | |
| Materia general | REVENUE MANAGEMENT |
| 650 ## - Materia General | |
| Materia general | ORGANIZACIÓN DE EVENTOS |
| 650 ## - Materia General | |
| Materia general | CALIDAD HOTELERA |
| 650 ## - Materia General | |
| Materia general | PATRIMONIO DEL HOTEL |
| 650 ## - Materia General | |
| Materia general | ESTADOS FINANCIERO |
| 650 ## - Materia General | |
| Materia general | CUENTA DE PÉRDIDAS |
| 650 ## - Materia General | |
| Materia general | CUENTA DE GANANCIAS |
| 650 ## - Materia General | |
| Materia general | PLANIFICACIÓN ECONÓMICO |
| 650 ## - Materia General | |
| Materia general | PRESUPUESTO |
| 942 ## - Punto de Acceso Adicional Koha | |
| Tipo de ítem Koha | Libro |
| Estado perdido | Estado dañado | No para préstamo | Biblioteca permanente | Biblioteca actual | Signatura completa | Código de barras | Tipo de ítem |
|---|---|---|---|---|---|---|---|
| Departamento de Biblioteca y Documentación Alfonso Chase Brenes | Departamento de Biblioteca y Documentación Alfonso Chase Brenes | 1.2.1 G643f | 25402 | Libro |